| 000 | 01202cam a22002651i 4500 | ||
|---|---|---|---|
| 003 | SA-RiAUC | ||
| 005 | 20240913154952.0 | ||
| 008 | 240909s2003 ts g b 000 0bara c | ||
| 040 |
_aJO-IrYU _bara _cSA-RiAUC _erda |
||
| 050 | 1 | 4 | _b.Q22 2003 |
| 082 | 0 | 4 |
_a922.5 _bا ن ي |
| 100 | 1 |
_aالأنيس، عبد الحكيم محمد _eمؤلف. |
|
| 245 | 1 | 2 |
_aالقاضي عبد الوهاب البغدادي المالكي في آثار القدماء والمحدثين : _bدراسة وثائقية / _cعبد الحكيم الأنيس. |
| 250 | _aالطبعة الأولى. | ||
| 264 | 1 |
_aدبي، الإمارات العربية المتحدة : _bدار البحوث الإسلامية، _c2003 |
|
| 300 |
_a438 صفحة ؛ _c24 سم |
||
| 336 |
_aنص _btxt _2rdacontent _3كتاب |
||
| 337 |
_aبدون وسيط _bn _2rdamedia |
||
| 338 |
_aمجلد _bnc _2rdacarrier |
||
| 504 | _aببليوجرافية : صفحة 407-426. | ||
| 600 | 1 | 7 |
_aالقاضي عبد الوهاب، عبد الوهاب بن علي بن نصر، _d362-422 هجري _2aucnm |
| 650 | 7 |
_aالفقهاء المالكية _vتراجم _2aucsh |
|
| 942 |
_2ddc _cBOOK |
||
| 949 |
_aSA-JeALM _d240909 _umohamedma123 _n1 |
||
| 999 |
_c132 _d132 |
||